Amtrak Northeast Regional Stations - Statistics

General Stats
  • This quiz has been taken 133 times
  • The average score is 26 of 55
Answer Stats
Code Answer % Correct
NRK Newark, DE - Thomas R. Carper Station
90%
PVD Providence, RI
90%
WAS Washington, DC - Union Station
89%
NYP New York, NY - Moynihan Trail Hall
87%
PHL Philadelphia, PA - William H. Gray III 30th St. Station
87%
TRE Trenton, NJ
81%
WIL Wilmington, DE
79%
HFD Hartford, CT
78%
BRP Bridgeport, CT
72%
SPG Springfield, MA
72%
ALX Alexandria, VA
70%
STM Stamford, CT
68%
NFK Norfolk, VA
66%
EWR Newark, NJ - Liberty International Airport
61%
MYS Mystic, CT
60%
BOS Boston, MA - South Station
58%
NPN Newport News, VA
58%
NLC New London, CT
57%
BWI Baltimore, MD - BWI Thurgood Marshall Airport
53%
RNK Roanoke, VA
53%
KIN Kingston, RI
52%
NWK Newark, NJ - Penn Station
52%
NBK New Brunswick, NJ
52%
BBY Boston, MA - Back Bay Station
51%
NRO New Rochelle, NY
49%
PJC Princeton Junction, NJ
48%
BAL Baltimore, MD - Penn Station
46%
LYH Lynchburg, VA
45%
BER Berlin, CT
44%
ABE Aberdeen, MD
42%
CVS Charlottesville, VA
42%
MET Metropark (Iselin), NJ
41%
FBG Fredericksburg, VA
39%
MSS Manassas, VA
38%
NHV New Haven, CT - Union Station
38%
WLY Westerly, RI
38%
PHN North Philadelphia, PA
37%
WBG Williamsburg, VA
36%
QAN Quantico, VA
35%
RTE Route 128 (Westwood), MA
34%
WND Windsor, CT
33%
NCR New Carrollton, MD
32%
PTB Petersburg, VA
30%
MDN Meriden, CT
27%
OSB Old Saybrook, CT
26%
WNL Windsor Locks, CT
26%
STS New Haven, CT - State Street Station
23%
CLP Culpeper, VA
21%
RVM Richmond, VA - Main Street Station
20%
WFD Wallingford, CT
19%
WDB Woodbridge, VA
17%
ASD Ashland, VA
16%
CWH Cornwells Heights, PA
16%
RVR Richmond, VA - Staples Mill Road Station
13%
BCV Burke Centre, VA
9%
No matching quizzes found
Score Distribution
Percent of People with Each Score
Percentile by Number Answered
Your Score History
You have not taken this quiz